000 00637nam a2200133Ia 4500
008 171212s9999 xx 000 0 und d
020 _a9781439912706
100 _aRiggan, Jennifer
245 _cRiggan, Jennifer
_aThe Struggling State
_bNationalism, Militarism, and the Education of Eritrea
260 _bTemple University Press
_c2016
650 _aAnthropology
650 _aCivil-military relations -- Eritrea; Militarization -- Eritrea; Militarism -- Eritrea; Teachers -- Eritrea; Education and state -- Eritrea; Nationalism -- Eritrea; Eritrea -- Politics and government -- 1993–
856 _uhttp://jstor.org/stable/j.ctt1kft8gz
999 _c352847
_d352847